| LEADER 00000nam 2200000uu 4500 |
| 001 13399107898 |
| 003 BCNR |
| 008 100923s2527||||th 000 0 tha d |
| 020 9746108646
|
| 040 bns
|
| 041 0 tha
|
| 060 04 WY100^bส747อ 2527
|
| 110 2 มหาวิทยาลัยสุโขทัยธรรมาธิราช. ^bสาขาวิชาวิทยาศาสตร์สุขภาพ
|
| 245 00 เอกสารการสอนชุดวิชา มโนมติและกระบวนการพยาบาล หน่วยที่ 1 - 7 =^bNursing Concept and Process /^cมยุรา กาญจนางกูร ... [และคนอื่นฯ]
|
| 246 30 เอกสารการสอนชุดวิชามโนมติและกระบวนการพยาบาล
|
| 246 31 Nursing Concept and Process
|
| 250 พิมพ์ครั้งที่ 1
|
| 260 นนทบุรี :^bสาขาวิชาวิทยาศาสตร์สุขภาพมหาวิทยาลัยสุโขทัยธรรมาธิราช,^c2527
|
| 300 2 เล่ม :^bภาพประกอบ ;^c30 ซม.
|
| 500 ^vเอกสารการสอนชุดวิชา มโนมติและกระบวนการพยาบาล หน่วยที่ 1-7, 8-15
|
| 500 สิ่งพิมพ์ของ มหาวิทยาลัยสุโขทัยธรรมาธิราชสาขาวิชาวิทยาศาสตร์สุขภาพ
|
| 650 2 Nursing
|
| 650 2 Nursing Process
|
| 650 7 การพยาบาล
|
| 650 7 การพยาบาล, กระบวนการ
|
| 650 7 การพยาบาล, บริการ^xองค์การและการบริหาร
|
| 650 7 การพยาบาล^xการประเมินผล
|
| 650 7 ประวัติการพยาบาล
|
| 650 7 อนามัย^xการประเมินผล
|
| 700 0 มยุรา กาญจนางกูร
|
| 710 2 มหาวิทยาลัยสุโขทัยธรรมาธิราช. ^bสาขาวิชาวิทยาศาสตร์สุขภาพ
|
| 999 ^aบรรณารักษ์
|